Lorsque l'enfant portait le monde. (Record no. 3678)

MARC details
000 -LEADER
fixed length control field 00519cam a22001931 4500
001 - CONTROL NUMBER
control field af 47006766
003 - CONTROL NUMBER IDENTIFIER
control field DLC
005 - DATE AND TIME OF LATEST TRANSACTION
control field 20260227110838.0
008 - FIXED-LENGTH DATA ELEMENTS--GENERAL INFORMATION
fixed length control field 890112s1945 fr 000 0 fre c
010 ## - LIBRARY OF CONGRESS CONTROL NUMBER
LC control number af 47006766
035 ## - SYSTEM CONTROL NUMBER
System control number (OCoLC)19010308
040 ## - CATALOGING SOURCE
Original cataloging agency Chicago. Univ. Library
Transcribing agency CU
Modifying agency DLC
042 ## - AUTHENTICATION CODE
Authentication code premarc
050 00 - LIBRARY OF CONGRESS CALL NUMBER
Classification number PQ2643.E43
Item number L6
100 1# - MAIN ENTRY--PERSONAL NAME
Personal name Vendel, Henri Joseph,
Dates associated with a name 1892-
245 10 - TITLE STATEMENT
Title Lorsque l'enfant portait le monde.
260 ## - PUBLICATION, DISTRIBUTION, ETC.
Place of publication, distribution, etc. Paris,
Name of publisher, distributor, etc. Éditions du Pavois
Date of publication, distribution, etc. [1945]
300 ## - PHYSICAL DESCRIPTION
Extent 142 p.
Dimensions 19 cm.

No items available.

Powered by Koha